Authors Half Off Quiz Stats

 Plays Quiz Updated Jan 22, 2013

Also try: Books Half Off!
Challenge
Share
Tweet
Embed
Score 0/20 Timer 04:00
0 Plays Today
Half Off! Author % Correct
phen KiStephen King
98.4%
est HemiErnest Hemingway
97.2%
rk TwaMark Twain
95.2%
les DickCharles Dickens
94.7%
K. RowJ.K. Rowling
90.7%
hn GrisJohn Grisham
88.1%
ald DaRoald Dahl
82.7%
. R. TolkJ.R.R. Tolkien
81.8%
tha ChriAgatha Christie
80.1%
per LeHarper Lee
78.1%
Half Off! Author % Correct
aret AtwMargaret Atwood
76.7%
ne FraAnne Frank
75.8%
rt VonnKurt Vonnegut
75.8%
ne RiAnne Rice
64%
rio PuMario Puzo
56.4%
ieg LarStieg Larsson
48.6%
imir NabVladimir Nabokov
48.3%
key SpilMickey Spillane
44%
rice SenMaurice Sendak
42.6%
an KooDean Koontz
32.5%

You're not logged in!

Compare scores with friends on all Sporcle quizzes.
Join for Free
OR
Log In

You Might Also Like...

Show Comments

Extras

Top Quizzes Today


Score Distribution

Your Account Isn't Verified!

In order to create a playlist on Sporcle, you need to verify the email address you used during registration. Go to your Sporcle Settings to finish the process.

Report this User

Report this user for behavior that violates our Community Guidelines.

Details: